Dialóg rodičov s dospievajúcimi desať námetov na zamyslenie a rozhovor

Bibliographic Details
Main Author: Potočárová, Mária, 1962- (Author)
Other Authors: Lenczová, Terézia, 1938- (Compiler)
Format: Book
Language:Slovak
PhysicalDescription:67 s. 21 cm
Published: Bratislava Slovenská spoločnosť pre rodinu a zodpovedné rodičovstvo 1998
Subjects:

MARC

LEADER 00000nam a2200000 a 4500
001 vtls001258956
003 SK-MaSNL
005 20260301112943.0
008 160208s1998 xo gr 00000 slo
015 |a SNBA1999/09-03440 
035 |a SNK000209795 
035 |a urn:nbn:sk:snk-amkfve 
035 |a urn:nbn:sk:snk-am003uyk 
035 |a 1B3E4F1A-04AF-4D6E-A9B4-CB1F71EACE16 
040 |a SNK  |b slo  |c SNK  |e AACR2 
041 0 |a slo 
044 |a xo  |c SK 
072 7 |a 159.92  |x Vývinová psychológia. Psychológia osobnosti  |2 konspekt 
080 |a 159.922.8  |2 2011 
080 |a 316.346.32-053.6  |2 2011 
080 |a 173.5:173.7  |2 2011 
080 |a 37.016:37.018.1  |2 2011 
080 |a 17.022.1  |2 2011 
080 |a 17.02  |2 2011 
080 |a 613.88  |2 2011 
080 |a (035)  |2 2011 
245 0 0 |a Dialóg rodičov s dospievajúcimi  |b desať námetov na zamyslenie a rozhovor  |c [autori: Mária Potočárová ... [et al.] ; zostavila: Terézia Lenczová] 
260 |a Bratislava  |b Slovenská spoločnosť pre rodinu a zodpovedné rodičovstvo  |c 1998 
300 |a 67 s.  |c 21 cm 
500 |a Údaj o aut. a zost. prevzatý z tiráže 
500 |a 5000 výt. 
504 |a Bibliogr. odkazy 
650 0 7 |a dospievanie  |2 SNKPH  |9 654 
650 0 7 |a dospievajúca mládež  |2 SNKPH  |9 772 
650 0 7 |a rodičia a deti  |2 SNKPH  |9 63347 
650 0 7 |a rodinná výchova  |2 SNKPH  |9 66934 
650 0 7 |a morálne hodnoty  |2 SNKPH  |9 67897 
650 0 7 |a zmysel života  |2 SNKPH  |9 4977 
650 0 7 |a sexualita  |2 SNKPH  |9 1946 
650 0 7 |a Adolescence  |2 SNKPHeng  |9 314889 
650 0 7 |a Adolescents  |2 SNKPHeng  |9 312786 
650 0 7 |a Parents and children  |2 SNKPHeng  |9 312750 
650 0 7 |a Family education  |2 SNKPHeng  |9 276719 
650 0 7 |a Moral values  |2 SNKPHeng  |9 313773 
650 0 7 |a Sense of life  |2 SNKPHeng  |9 270861 
650 0 7 |a Sexuality  |2 SNKPHeng  |9 291144 
655 7 |a príručky  |2 SNKPH  |9 74364 
655 7 |a Handbooks, manuals, etc.  |2 SNKPHeng  |9 90964 
700 1 |a Potočárová, Mária,  |d 1962-  |4 aut  |9 10515 
700 1 |a Lenczová, Terézia,  |d 1938-  |4 com  |9 171449 
958 |a OND 
958 |a TL 
958 |a NB 
999 |c 712072  |d 714002 
952 |t P60, <03>, [BOOK], {603}  |a SNK  |b SNK  |y PREZ  |7 0  |p 17A0200130  |o snkSC 99177  |i snkKSP 7439/99  |0 0  |1 0  |4 0  |d 1999-07-09  |f 1  |l 0  |r 2025-09-18 00:00:00  |w 2026-02-23 
952 |t P60, <04>, [BOOK], {604}  |a SNK  |b SNK  |y VYP  |7 0  |p 17A0200131  |o snkSC 99177 D1  |i snkKSP 7440/99  |0 0  |1 0  |4 0  |d 1999-07-09  |l 0  |r 2005-01-01 00:00:00  |w 2026-02-23